ბათუმის შოთა რუსთაველის სახელმწიფო უნივერსიტეტის ბიბლიოთეკა

Oxford handbook of epidemiology for clinicians / (ბიბ.ჩანაწერი № 57493)

000 -LEADER
fixed length control field 01119cam a22003257a 4500
001 - CONTROL NUMBER
control field 17054448
005 - DATE AND TIME OF LATEST TRANSACTION
control field 20221107151717.0
008 - FIXED-LENGTH DATA ELEMENTS--GENERAL INFORMATION
fixed length control field 111122s2012 enka bf 001 0 eng d
010 ## - LIBRARY OF CONGRESS CONTROL NUMBER
LC control number 2011944056
015 ## - NATIONAL BIBLIOGRAPHY NUMBER
National bibliography number GBB1B2700
Source bnb
016 7# - NATIONAL BIBLIOGRAPHIC AGENCY CONTROL NUMBER
Record control number 015898899
Source Uk
020 ## - INTERNATIONAL STANDARD BOOK NUMBER
International Standard Book Number 9780198529880 (pbk.) X
020 ## - INTERNATIONAL STANDARD BOOK NUMBER
International Standard Book Number 0198529880 (pbk.) X
041 ## - LANGUAGE CODE
Language code of text/sound track or separate title eng
082 04 - DEWEY DECIMAL CLASSIFICATION NUMBER
Classification number 614.4
Edition number 23
245 00 - TITLE STATEMENT
Title Oxford handbook of epidemiology for clinicians /
Statement of responsibility, etc. by Helen Ward ... [et al.].
246 30 - VARYING FORM OF TITLE
Title proper/short title Epidemiology for clinicians
260 ## - PUBLICATION, DISTRIBUTION, ETC.
Place of publication, distribution, etc. Oxford :
Name of publisher, distributor, etc. Oxford University Press,
Date of publication, distribution, etc. 2012.
300 ## - PHYSICAL DESCRIPTION
Extent xxviii, 388 p. :
Other physical details ill. ;
Dimensions 18 cm.
650 #7 - SUBJECT ADDED ENTRY--TOPICAL TERM
Topical term or geographic name entry element Epidemiology.
Source of heading or term fast
9 (RLIN) 8680
653 ## - INDEX TERM--UNCONTROLLED
keyword ეპიდემიოლოგია
653 ## - INDEX TERM--UNCONTROLLED
keyword სახელმძღვანელო
653 ## - INDEX TERM--UNCONTROLLED
keyword მედიცინა
700 1# - ADDED ENTRY--PERSONAL NAME
Personal name Ward, Helen,
Dates associated with a name 1957-
9 (RLIN) 8851
Relator term ავტორი
700 1# - ADDED ENTRY--PERSONAL NAME
Personal name Toledano, M. B.
Relator term ავტორი
9 (RLIN) 8852
700 1# - ADDED ENTRY--PERSONAL NAME
Personal name Shaddick, G.
Relator term ავტორი
9 (RLIN) 8853
700 1# - ADDED ENTRY--PERSONAL NAME
Personal name Davies, B.
Relator term ავტორი
9 (RLIN) 8854
700 1# - ADDED ENTRY--PERSONAL NAME
Personal name Elliot, P.
Relator term ავტორი
9 (RLIN) 8855
942 ## - ADDED ENTRY ELEMENTS (KOHA)
Source of classification or shelving scheme
Koha item type წიგნი
ეგზემპლარები
Withdrawn status Lost status Source of classification or shelving scheme Damaged status Not for loan Permanent Location Current Location Shelving location Date acquired Cost, normal purchase price Full call number Barcode Date last seen Copy number Price effective from Koha item type Public note
          ბათუმის შოთა რუსთაველის სახელმწიფო უნივერსიტეტის მთავარი ბიბლიოთეკა ბათუმის შოთა რუსთაველის სახელმწიფო უნივერსიტეტის მთავარი ბიბლიოთეკა წიგნსაცავი 2020-06-29 111.00 616-036.22 O-97 60692 2020-06-29 60692 2020-06-29 წიგნი 111 ლ.